| 000 | 01738nam a2200229Ia 4500 | ||
|---|---|---|---|
| 003 | Ost | ||
| 005 | 20260507075722.0 | ||
| 008 | 260507s9999||||xx |||||||||||||| ||und|| | ||
| 020 | _a9789931248422 | ||
| 040 | _cfsecg | ||
| 041 | _aara | ||
| 082 | _a339.5 | ||
| 100 |
_aميهوب، مسعود _eمؤلف |
||
| 245 | 0 |
_aمحددات الاستقرار الاقتصادي الكلي في ظل الاصلاحات الاقتصادية : _bدراسة تقييمية لمسارات التنمية حالة الجزائر / _c مسعود ميهوب |
|
| 260 |
_aالجزائر: _bدار الباحث للنشر والاشهار, _c2023 |
||
| 300 |
_a328 صفحة؛ _bإيضاحات ؛ _c24 سم |
||
| 504 | _aمراجع ص.294 | ||
| 520 | _aيحتوي هذا الكتاب على ثلاث فصول اضافة إلى الفصل التمهيدي، مدخل إلى السياسات الإقتصادية الكلية والاستقرار الإقتصادي الكلي، بما فيه الاطار المفاهيمي للسياسة الإقتصادية الكلية،مع تحقيق منظومة الاستقرار الاقتصادي الكلي،، كذلك أدوات السياسة الاقتصادية الكلية، وبعدها تحدث عن محددات الاستقرار الاقتصادي الكلي في ظل النظرية الاقتصاديةاضافة إلى تحليل الوقائع لسلوك مؤشرات الاستقرار المالي الكلي في الجزائر، وأخيرا محددات الاستقرار الإقتصادي الكلي من منظور أدوات القياس الإقتصادي. | ||
| 653 | _aالإستقرار الإقتصادي | ||
| 653 | _aالنمو الإقتصادي | ||
| 942 | _cكتاب | ||
| 999 |
_c45945 _d45945 |
||